| 000 | 00745nam a22002177a 4500 | ||
|---|---|---|---|
| 999 |
_c13834 _d13834 |
||
| 003 | AR-CdUCM | ||
| 008 | 190416b ||||| |||| 00| 0 spa d | ||
| 040 |
_aMUNICIPALIDAD PROVINCIAL DEL CUSCO _cBIBLIOTECA MUNICIPAL DEL CUSCO |
||
| 082 |
_aC / 759.958 / _bG23 |
||
| 100 |
_aGarcia, Jose Uriel _93684 |
||
| 245 |
_aLa escuela cusqueña de arte colonial : _bla iglesia de Huaroc / |
||
| 260 |
_aCusco : _c1963. |
||
| 300 |
_adel 163 al 182 páginas ; _bfotografías. _c23 cm. |
||
| 440 |
_aSobretriro de cuadernos Americanos _n2 _932398 |
||
| 500 | _aDedicatoria del propio U. Garcia. | ||
| 505 | _aIglesia de Huaroc... | ||
| 650 |
_aHuaroc. _932399 |
||
| 650 |
_aIglesia de Huaroc. _932400 |
||
| 942 |
_2ddc _cLIBROS |
||
| 945 |
_awfj _d2019-04-16 |
||